Fußball mit "Q", "X" und "Y" - Statistiken

Allgemein
  • Dieses Quiz wurde 181 mal gespielt
  • Das Durchschnittsergebnis liegt bei 12 aus 15
Antwortstatistiken
Hinweis Antwort % Korrekt
Zuspiel zu einem Mitspieler auf gleicher Höhe Querpass
95%
Baske, der als Trainer Bayer Leverkusen zur ersten Meisterschaft in der Vereinsgeschichte führte {Xabi} Alonso
95%
Vor den Hauptrunden eines Turniers ausgetragener Wettbewerb, bei dem Teilnehmer für das Turnier ermittelt werden Qualifikation
94%
Spanischer Spieler, der viermal mit dem FC Barcelona die Champions League gewann und den Verein später auch trainierte Xavi
94%
Schweizer Verein, der insgesamt 17mal Meister war und seit 2017 die Super League dominiert {Young} {Boys} Bern
92%
Seit 2013 ausgetragener Wettbewerb für U19-Teams europäischer Vereine UEFA {Youth} League
91%
Song von Gerry & The Pacemakers, der das Motto und die Vereinshymne des FC Liverpool ist You'll Never Walk Alone
89%
Kniefehlstellung, die dem Fußballspielen unzuträglich ist {X}-{Beine}
87%
Verein aus dem Westen Londons, dessen bisher einziger Titel der Ligapokal 1967 war {Queens} {Park} Rangers
86%
Portugiesischer Spieler, der u. a. für Porto und Besiktas aktiv war und 2016 Europameister wurde Ricardo {Quaresma}
82%
Anzahl der Spieltage in einer Bundesliga-Saison (römische Zahl) XXXIV
80%
Stürmer aus Ghana, der 1993 und 94 als Spieler von Eintracht Frankfurt Bundesliga-Torschützenkönig wurde Anthony {Yeboah}
67%
Der als Betriebssportgruppe eines Versandhauses gegründete Verein spielte in den 1990ern in der 3. Liga SG {Quelle} Fürth
47%
Der Fangesang "Zieht den Bayern die Lederhosen aus" wird auf die Melodie dieses Liedes gesungen Yellow Submarine
44%
Verein aus der französischsprachigen Schweiz, der 1987 und 88 Meister wurde Neuchâtel {Xamax}
43%
Keine übereinstimmenden Quizze gefunden
Verteilung der Resultate
Anzahl Personen mit jedem Resultat
Perzentil nach korrekt beantworteten Fragen
Ihre Resultats-Entwicklung
Sie haben dieses Quiz noch nicht gespielt